The enduring Indians of Kansas : a century and a half of acculturation /

Of the 10,000 Indians forced across the Mississippi into eastern Kansas before the middle of the 19th century, a few have managed to walk the thin line between resistance to white culture and absorption into it. Herring, an archivist with the National Archive and Records Administration, tells the st...

Full description

Bibliographic Details
Main Author: Herring, Joseph B., 1947-
Corporate Author: JSTOR (Organization)
Format: eBook
Language:English
Published: Lawrence, Kan. : University Press of Kansas, ©1990.
Series:Book collections on Project MUSE.
Subjects:
Online Access:Connect to the full text of this electronic book

MARC

Tag First Indicator Second Indicator Subfields
LEADER 00000cam a2200000 i 4500
001 in00004635235
006 m o d
007 cr |||||||||||
008 900213s1990 ksuab ob 001 0 eng d
005 20230103223423.3
010 |z  90032766  
035 |a (OCoLC)on1193403092 
040 |a INARC  |b eng  |c INARC  |d OCLCO  |d OCLCE  |d OCLCF  |d JSTOR  |e rda  |d HTM  |d UAB  |d P@U  |d LVT  |d VHC  |d YDX  |d OCLCO 
016 7 |a 070-06046  |2 Uk 
019 |a 557072619  |a 609915890  |a 1285213490  |a 1285242864  |a 1285405964  |a 1289916841  |a 1292399651  |a 1294374251  |a 1294768081  |a 1295210937  |a 1296388796  |a 1303460647 
020 |a 9780700630981  |q (electronic bk.) 
020 |a 0700630988  |q (electronic bk.) 
020 |z 0700604693  |q (alk. paper) 
020 |z 9780700604692  |q (alk. paper) 
020 |z 0700605886 
020 |z 9780700605880 
035 |a (OCoLC)1193403092  |z (OCoLC)557072619  |z (OCoLC)609915890  |z (OCoLC)1285213490  |z (OCoLC)1285242864  |z (OCoLC)1285405964  |z (OCoLC)1289916841  |z (OCoLC)1292399651  |z (OCoLC)1294374251  |z (OCoLC)1294768081  |z (OCoLC)1295210937  |z (OCoLC)1296388796  |z (OCoLC)1303460647 
037 |a 22573/ctv1p13g9b  |b JSTOR 
042 |a dlr 
043 |a n-us-ks 
050 0 4 |a E78.K16  |b H47 1990 
072 7 |a HIS  |x 028000  |2 bisacsh 
072 7 |a HIS  |x 036090  |2 bisacsh 
082 0 4 |a 978.1/00497  |2 20 
084 |a 6,33  |2 ssgn 
049 |a TXAM 
100 1 |a Herring, Joseph B.,  |d 1947- 
245 1 4 |a The enduring Indians of Kansas :  |b a century and a half of acculturation /  |c Joseph B. Herring. 
260 |a Lawrence, Kan. :  |b University Press of Kansas,  |c ©1990. 
300 |a 1 online resource (xvi, 237 pages :  |b illustrations, maps) 
336 |a text  |b txt  |2 rdacontent 
337 |a computer  |b c  |2 rdamedia 
338 |a online resource  |b cr  |2 rdacarrier 
504 |a Includes bibliographical references (pages 213-228) and index. 
520 |a Of the 10,000 Indians forced across the Mississippi into eastern Kansas before the middle of the 19th century, a few have managed to walk the thin line between resistance to white culture and absorption into it. Herring, an archivist with the National Archive and Records Administration, tells the story of those who are still Indians, and still in Kansas. 
538 |a Master and use copy. Digital master created according to Benchmark for Faithful Digital Reproductions of Monographs and Serials, Version 1. Digital Library Federation, December 2002.  |u http://purl.oclc.org/DLF/benchrepro0212  |5 MiAaHDL 
583 1 |a digitized  |c 2010  |h HathiTrust Digital Library  |l committed to preserve  |5 MiAaHDL  |2 pda 
520 |a The Cherokees' "Trail of Tears" and the forced migration of other Southern tribes during the 1830s and 1840s were the most notorious consequences of Andrew Jackson's Indian removal policy. Less well known is the fact that many tribes of the Old Northwest territory were also forced to surrender their lands and move west of the Mississippi River. By 1850, upwards of 10,000 displaced Indians had been settled "permanently" along the wooded streams and rivers of eastern Kansas. Twenty years later only a few hundred-mostly Kickapoos, Potawatomis, Chippewas, Munsees, Iowas, Foxes, and Sacs-remained. Joseph Herring's The Enduring Indians of Kansas recounts the struggle of these determined survivors. For them, the "end of Indian Kansas" was unacceptable, and they stayed on the lands that they had been promised were theirs forever. Offering a good counterpoint to Craig Miner's and William Unrau's The End of Indian Kansas, Herring shows the reader a shifting set of native perspectives and strategies. He argues that it was by acculturation on their own terms-by walking the fine line between their traditional ways and those of the whites-that these Indians managed to survive, to retain their land, and to resist the hostile intrusions of the white world. The story of their epic struggle to survive will place a new set of names in the pantheon of American Indian heroes. 
650 0 |a Indians of North America  |z Kansas  |x History  |y 19th century. 
650 0 |a Indians of North America  |z Kansas  |x Government relations. 
650 0 |a Indians of North America  |x Cultural assimilation  |z Kansas. 
650 0 |a Indians of North America  |z Kansas  |x History. 
650 1 |a Indians of North America  |z Kansas  |x History  |y 19th century. 
650 1 |a Indians of North America  |z Kansas  |x Government relations. 
650 1 |a Indians of North America  |x Cultural assimilation  |z Kansas. 
650 1 |a Indians of North America  |z Kansas  |x History. 
650 6 |a Indiens d'Amérique  |z Kansas  |x Histoire. 
650 6 |a Indiens d'Amérique  |z Kansas  |x Relations avec l'État. 
650 7 |a HISTORY / Native American  |2 bisacsh 
650 7 |a Indians of North America.  |2 fast  |0 (OCoLC)fst00969633 
650 7 |a Indians of North America  |x Cultural assimilation.  |2 fast  |0 (OCoLC)fst00969695 
650 7 |a Indians of North America  |x Government relations.  |2 fast  |0 (OCoLC)fst00969761 
651 7 |a Kansas.  |2 fast  |0 (OCoLC)fst01204323 
650 7 |a Akkulturation  |2 gnd 
650 7 |a Geschichte  |2 gnd 
651 7 |a Kansas  |2 gnd 
650 7 |a Indianer  |2 gnd 
651 7 |a Indianer.  |2 swd 
648 7 |a 1800-1899  |2 fast 
653 0 |a 01030  |a Kansas  |a 11030  |a North American Indians  |a history 
653 0 |a Indians of North America  |a Cultural assimilation  |a Kansas 
653 0 |a Indians of North America  |a Kansas  |a Government relations 
653 0 |a Indians of North America  |a Kansas  |a History  |a 19th century 
653 0 |a Kansas. North American Indians,  |a history 
655 7 |a Electronic books.  |2 local 
655 7 |a History.  |2 fast  |0 (OCoLC)fst01411628 
710 2 |a JSTOR (Organization) 
776 0 8 |i Print version:  |a Herring, Joseph B., 1947-  |t Enduring Indians of Kansas.  |d Lawrence, Kan. : University Press of Kansas, ©1990  |w (OCoLC)557072619 
776 0 8 |i Print version:  |a Herring, Joseph B., 1947-  |t Enduring Indians of Kansas.  |d Lawrence, Kan. : University Press of Kansas, ©1990  |w (OCoLC)609915890 
830 0 |a Book collections on Project MUSE. 
856 4 0 |u https://www.jstor.org/stable/10.2307/j.ctv1p2gm9m  |z Connect to the full text of this electronic book  |t 0 
955 |a JSTOR Open Access ebooks 
994 |a 92  |b TXA 
999 f f |s 2ede0d9c-9812-4d6b-bc56-cebd8c306066  |i e1405119-b042-411b-bb8a-aaa2140c27eb  |t 0 
952 f f |a Texas A&M University  |b College Station  |c Electronic Resources  |d Available Online  |t 0  |e E78.K16 H47 1990  |h Library of Congress classification 
998 f f |a E78.K16 H47 1990  |t 0  |l Available Online